[Event "Wch Rapid"]
[Site "Samarkand"]
[Date "2023.12.28"]
[Round "10"]
[White "Garayev, Kanan Farzali Oglu"]
[Black "Shogdzhiev, Roman Sav"]
[Result "0-1"]
[WhiteElo "2356"]
[BlackElo "1901"]
[PlyCount "118"]
[EventDate "2023.12.26"]
[EventType "swiss (rapid)"]
[EventRounds "13"]
[EventCountry "UZB"]
[SourceTitle "CBM 217 Extra"]
[Source "ChessBase"]
[SourceDate "2024.01.31"]
[SourceVersion "1"]
[SourceVersionDate "2024.01.31"]
[SourceQuality "1"]

1. d4 d5 2. Nf3 Nf6 3. c3 e6 4. Bf4 Bd6 5. e3 0-0 6. Nbd2 c5 7. Bg3 Nc6 8. Bb5 Ne7 9. Bd3 Qc7 10. Ne5 Ng6 11. f4 b6 12. h4 Ne7 13. h5 Nd7 14. Qg4 Nf5 15. Bf2 cxd4 16. cxd4 f6 17. h6 Nxe5 18. fxe5 fxe5 19. e4 dxe4 20. Qxe4 Bb7 21. Qg4 g6 22. 0-0 exd4 23. Bc4 Bd5 24. Bxd5 exd5 25. Nf3 Rae8 26. Rfe1 Nxh6 27. Qxd4 Qc4 28. Rxe8 Rxe8 29. Rd1 Qxd4 30. Rxd4 Rd8 31. g4 Bc5 32. Ra4 b5 33. Rf4 Bd6 34. Rd4 Bc5 35. Rf4 Bxf2+ 36. Kxf2 Nf7 37. Ke3 Rc8 38. Rd4 Rd8 39. Rb4 a6 40. Kd4 Kf8 41. Kc5 Ke7 42. Nd4 Ne5 43. Rb3 Rc8+ 44. Kxd5 Nxg4 45. Nc6+ Kf7 46. Ra3 Nf6+ 47. Kd6 g5 48. Rxa6 g4 49. Ra7+ Kf8 50. Ne5 Kg8 51. Ke6 Rf8 52. Nf7 Kg7 53. Nd6+ Kg6 54. Ke7 Rg8 55. Ke6 g3 56. Nf5 Re8+ 57. Ne7+ Rxe7+ 58. Kxe7 g2 59. Kf8 Nh5 0-1